| 000 | 01094cam a2200277 4500 | ||
|---|---|---|---|
| 001 | ABS65457 | ||
| 008 | 020508n2002 000 0 eng u | ||
| 035 | _a(Sirsi) u117854 | ||
| 100 | _aSantos Reis, V | ||
| 245 | 4 | _aThe practice of real estate valuation in Portugal | |
| 260 | _c2002 | ||
| 490 |
_aJournal of Property Investment and Finance _v20(2) 2002, 181-203(23) |
||
| 520 | _aResearch on need for consistent international standards for accounting and valuation, especially in light of globalisation of trade and markets. Reports on survey of Portuguese valuers for degree of variation between valuation standards and current practice. Concludes it is largely part-time profession, poorly equipped to meet international standardisation. Survey. Tables. Charts. | ||
| 590 | _aABS | ||
| 650 | _aPORTUGAL | ||
| 650 | _aREAL ESTATE | ||
| 650 | _aEU | ||
| 650 | _aSTANDARDS | ||
| 650 | _aASSETS VALUATION | ||
| 650 | _aSURVEY | ||
| 690 | _aPROPERTY-PROPERTY APPRAISAL AND VALUATION | ||
| 700 | _aDownie, M | ||
| 700 | _aFisher, P | ||
| 700 | _aFernandes, A | ||
| 942 | _n0 | ||
| 999 |
_c70180 _d70180 |
||